000 00493nam a2200181Ia 4500
005 20250508152633.0
008 008 250505s9999 xx 000 0 eng d
037 _aTextual
040 _aFEDL
_beng
_cFEDL
041 _aeng
_2eng
084 _a954.058, IND
_qFEDL
245 0 _aThirteenth year
245 0 _cGovernment of India. Minsitryof Information and Broadcasting
260 _c1960
300 _a275p.
942 _cTEXL
_h954.058, IND
999 _c1337749
_d1337749